00888 2200325 4500001002100000005001500021035002500036008004100061020002200102040001700124082001500141084001700156100003600173245007000209250003400279260003600313300002500349650001700374700002100391850001200412007000300424090001900427041000800446990001800454990001800472990001800490990001800508990001800526990001800544INLIS00000000001192220190723093259 a0010-091500000000435150904s2011 yoi g ind d a978-602-978-890-7 aYOPDYOGbind04223a153.93 a153.93 MUH t0 aMuhammad Akrom,d1987-epenulis10aTebas TPU sampai akar-akarnya /cMuhammad Akrom; penyunting, Dion aCetakan Pertama, Oktober 201131aYogyakarta :bFlashBooks,c2011 a184 halaman ;c24 cm 4aUjian Mental0 aDionepenyunting aYOPDYOGta aQ 153.93 Muh T0 aind a49678-PD/A.15 a49679-PD/A.15 a49680-PD/A.15 a50149-PD/A.15 a50150-PD/A.15 a50151-PD/A.15